Statistiques concernant Les départements limitrophes de l'Oise

Cliquez ici pour prendre le quiz!

Statistiques générales

  • Ce quiz a été pris 54 fois
  • Le résultat moyen est 5 sur 6

Statistiques - réponses

Département% Correct
Somme
96%
Aisne
93%
Val-d'Oise
93%
Eure
89%
Seine-Maritime
80%
Seine-et-Marne
64%

Distribution des résultats

Percentile par nombre de réponses

% des personnes avec chaque résultat

Votre développement - résultats

Vous n’avez pas pris ce quiz